000 00742nam a22002297a 4500
003 UA-OsUOA
001 53689
007 ta
008 20080415b un ||||| |||| 00| 0 ukr d
100 _aОжиганов Э.
090 _a321.01(075.8)
_bО-45
942 _cBK
040 _aUA-OsUOA
_brus
_cUA-OsUOA
_dUA-OsUOA
245 _aСтратегический анализ политики: теоретические основания и методы
300 _a272 с.
955 _a2
041 _arus
080 _a321.01(075.8)
260 _aМ.
_bАспект Пресс
_c2006
650 7 _a321 Форми політичних організацій. Держави як політичні влади
_2UDC
999 _c339774
_d339774